Type to 100 in 60 Seconds - Statistics

General Stats
  • This quiz has been taken 586 times
  • The average score is 70 of 100
Answer Stats
Answer % Correct
1
100%
2
99%
3
98%
4
98%
5
98%
6
98%
7
98%
8
97%
9
97%
10
96%
11
92%
12
92%
13
91%
14
91%
15
91%
16
91%
17
91%
18
91%
19
91%
20
88%
21
88%
22
87%
23
85%
24
85%
25
85%
26
84%
27
84%
28
84%
29
84%
30
83%
31
82%
32
82%
33
80%
34
80%
35
80%
36
80%
37
80%
38
79%
39
79%
40
76%
41
76%
42
76%
43
76%
44
75%
45
75%
46
74%
47
74%
48
74%
49
72%
50
72%
51
72%
52
72%
53
72%
54
72%
55
71%
56
71%
57
71%
58
70%
59
69%
60
68%
61
68%
62
68%
63
68%
64
68%
65
68%
66
67%
67
66%
68
64%
69
64%
70
62%
71
60%
72
59%
73
59%
74
59%
75
59%
76
57%
77
56%
78
56%
79
55%
80
52%
81
51%
82
50%
83
48%
84
48%
85
47%
86
46%
87
45%
88
43%
89
42%
90
39%
91
36%
92
36%
93
36%
94
35%
95
34%
96
33%
97
31%
98
29%
99
27%
100
24%
No matching quizzes found
Score Distribution
Percent of People with Each Score
Percentile by Number Answered
Your Score History
You have not taken this quiz